| 000 | 00588nam a2200193 i 4500 | ||
|---|---|---|---|
| 001 | 39181 | ||
| 003 | ES-MaACL | ||
| 005 | 20230906155914.0 | ||
| 007 | t| | ||
| 008 | 030227s1979 sp ||||1| spa d | ||
| 100 | 1 |
_aCalle, Ramiro A. _933700 |
|
| 245 | 1 | 0 |
_aPsicología y pensamiento de oriente _b: la conquista de la mente y la evolución interior / _cRamiro A. Calle. |
| 260 |
_aMadrid : _bPirámide, _c[1979] |
||
| 300 |
_a423 p. : _bil. ; _c23 cm. |
||
| 490 | 1 | _aNeurociencia | |
| 830 | 0 |
_aNeurociencia _9181789 |
|
| 852 |
_aES-MaACL _jA-9717 _bR.98764 |
||
| 999 |
_c39181 _d39181 |
||